000 00700nam a2200289Ia 4500
005 20260324130201.0
008 008 260324s9999 xx 000 0 eng d
020 _a9780203894194
037 _aEBOOK
040 _aCRL
040 _beng
040 _cCRL
041 _2eng
041 _aeng
084 _qCRL
100 _aDamian Grenfell; Paul James
_91180817
245 0 _aRethinking Insecurity, War and Violence
245 0 _bBeyond Savage Globalization?
260 _bTaylor and Francis
260 _c2008
365 _a
365 _b255
856 _uhttp://www.taylorfrancis.com/books/9780203894194
942 _cEBOOK
999 _c1776761
_d1776761